<?xml version="1.0" encoding="UTF-8"?>
<marc:record xmlns:marc="http://www.loc.gov/MARC21/slim">
   <marc:leader>00000nam a2200000 a 4500</marc:leader>
   <marc:datafield ind1="0" ind2="0" tag="245">
      <marc:subfield code="a">Drecksause</marc:subfield>
   </marc:datafield>
   <marc:datafield ind1="0" ind2="0" tag="245">
      <marc:subfield code="b">Ab 6 Jahren. - Für 2 bis 4 Spieler. - Spieldauer:ca.</marc:subfield>
   </marc:datafield>
   <marc:datafield ind1=" " ind2="1" tag="264">
      <marc:subfield code="a">Stuttgart</marc:subfield>
      <marc:subfield code="b">Kosmos Verlag</marc:subfield>
   </marc:datafield>
   <marc:datafield ind1="1" ind2=" " tag="520">
      <marc:subfield code="a">Auf die Plätze, fertig, ... MAAATSCH! Jeder Spieler schubst sein eigenes, kugelrundes Schwein möglichst schnell und möglichst matschig über die Wiese. Denn nur wer eine echte Drecksau ist, kann Punkte auf der Zielgeraden sammeln. Deshalb immer schön rein in den Matsch und sich in Acht nehmen vor den sauberen Wasserlöchern.</marc:subfield>
   </marc:datafield>
   <marc:datafield ind1="0" ind2=" " tag="490">
      <marc:subfield code="v">0</marc:subfield>
   </marc:datafield>
</marc:record>
